| 000 | 00455pab a2200157 454500 | ||
|---|---|---|---|
| 008 | 180718b2011 xxu||||| |||| 00| 0 eng d | ||
| 100 | _aFitzpatrick, Jody et al | ||
| 245 | _aA new look at comparative public administration: Trends in research and an agenda for the future | ||
| 260 | _c2011 | ||
| 300 | _ap.821-830. | ||
| 362 | _aNov-Dec | ||
| 650 | _aPublic administration | ||
| 773 | _aPublic Administration Review | ||
| 908 | _aN | ||
| 909 | _a94971 | ||
| 999 |
_c94971 _d94971 |
||